000 00680nam a2200241 a 4500
001 1989687
005 20180309074823.0
008 890915s1980 caua b 000 0 eng
010 _a 89186449
020 _a9780891060741
020 _a0891060111 (pbk.)
040 _aDLC
_cDLC
_dDLC
041 _aeng
080 _a155.264
082 0 0 _a155.264 MYE
_220
100 1 _a49
101 _aPSI
245 1 0 _aGifts differing /
_cIsabel Briggs Myers, with Peter B. Myers.
504 _aIncludes bibliographical references (p. 213-215).
906 _a7
_bcbc
_corignew
_d2
_encip
_f19
_gy-gencatlg
942 _2ddc
_cBK
999 _c44596
_d44596